书目信息 |
| 题名: |
新旧学制更易与乡村社会变迁
|
|
| 作者: | 郝锦花 著 | |
| 分册: | ||
| 出版信息: | 北京 人民出版社 2009 |
|
| 页数: | 297页 | |
| 开本: | 21cm | |
| 丛书名: | 20世纪中国乡村社会变迁丛书 | |
| 单 册: | ||
| 中图分类: | G725 , C912.82 | |
| 科图分类: | ||
| 主题词: | 乡村教育--关系--乡村--社会变迁--研究--中国--近代 , 乡村教育 , 乡村 , 社会变迁 | |
| 电子资源: | ||
| ISBN: | 978-7-01-007646-1 | |
| 000 | 01186oam2 2200313 450 | |
| 001 | 523 | |
| 005 | 20140910082957.12 | |
| 010 | @a978-7-01-007646-1@dCNY25.00 | |
| 100 | @a20090930d2009 em y0chiy50 ea | |
| 101 | 0 | @achi |
| 102 | @aCN@b110000 | |
| 105 | @ay z 000yy | |
| 106 | @ar | |
| 200 | 1 | @a新旧学制更易与乡村社会变迁@AXin Jiu Xue Zhi Geng Yi Yu Xiang Cun She Hui Bian Qian@f郝锦花著@FHao Jin Hua Zhu |
| 210 | @a北京@c人民出版社@d2009 | |
| 215 | @a297页@d21cm | |
| 225 | 2 | @a20世纪中国乡村社会变迁丛书 |
| 300 | @a教育部人文社会科学青年基金项目、天津市高等学校人文社会科学研究一般项目、浙江省省级社会科学学术著作出版资金、中国民航大学科研启动基金项目资助 | |
| 330 | @a本书从文化竞争的角度考察了兴学以来新学与私塾在乡村文化结构中的地位、作用,从整体上把握了乡村教育的特征,并且剖析了传统私塾和学校与乡村社会的内在联系。 | |
| 461 | 0 | @12001 @a20世纪中国乡村社会变迁丛书 |
| 606 | 0 | @a乡村教育@x关系@x乡村@x社会变迁@x研究@y中国@z近代 |
| 606 | 0 | @a乡村教育 |
| 606 | 0 | @a乡村 |
| 606 | 0 | @a社会变迁 |
| 690 | @aG725@v5 | |
| 690 | @aC912.82@v5 | |
| 701 | 0 | @a郝锦花@AHao Jin Hua@c(女)@4著 |
| 801 | 0 | @aCN@bTANGWEI@c20140603 |
| 905 | @b0842237-39@dG725@e130@f3 | |
| 新旧学制更易与乡村社会变迁/郝锦花著.-北京:人民出版社,2009 |
| 297页;21cm.-(20世纪中国乡村社会变迁丛书) |
| 教育部人文社会科学青年基金项目、天津市高等学校人文社会科学研究一般项目、浙江省省级社会科学学术著作出版资金、中国民航大学科研启动基金项目资助 |
| ISBN 978-7-01-007646-1:CNY25.00 |
| 本书从文化竞争的角度考察了兴学以来新学与私塾在乡村文化结构中的地位、作用,从整体上把握了乡村教育的特征,并且剖析了传统私塾和学校与乡村社会的内在联系。 |
| ● |
| 相关链接 |
|
|
|
|
正题名:新旧学制更易与乡村社会变迁
索取号:G725/130
 
预约/预借
| 序号 | 登录号 | 条形码 | 馆藏地/架位号 | 状态 | 备注 |
| 1 | 0842237 | 208422376 | 第一样本阅览室/ [索取号:G725/130] | 在馆 | |
| 2 | 0842238 | 208422385 | 第四借阅区/ [索取号:G725/130] | 在馆 | |
| 3 | 0842239 | 208422394 | 第四借阅区/ [索取号:G725/130] | 在馆 |